000 01644nam a2200349Ia 4500
001 ebr10194046
003 CaPaEBR
006 m u
007 cr cn|||||||||
008 060127s2007 enka sb 001 0 eng d
020 _z1845112105 (hbk.)
020 _z9781845112103 (hbk.)
040 _aCaPaEBR
_cCaPaEBR
035 _a(OCoLC)615007997
050 1 4 _aHQ1593
_b.M67 2007eb
082 0 4 _a305.42094109034
_222
100 1 _aMorgan, Simon,
_d1974-
245 1 2 _aA Victorian woman's place
_h[electronic resource] :
_bpublic culture in the nineteenth century /
_cSimon Morgan.
260 _aLondon ;
_aNew York :
_bTauris Academic Studies ;
_aNew York :
_bDistributed in the United States by Palgrave Macmillan,
_c2007.
300 _ax, 270 p. :
_bill.
490 1 _aInternational library of historical studies ;
_v40
504 _aIncludes bibliographical references (p. [197]-258) and index.
533 _aElectronic reproduction.
_bPalo Alto, Calif. :
_cebrary,
_d2009.
_nAvailable via World Wide Web.
_nAccess may be limited to ebrary affiliated libraries.
650 0 _aVoluntarism
_zGreat Britain
_xHistory
_y19th century.
650 0 _aWomen volunteers in social service
_zGreat Britain
_xHistory
_y19th century.
650 0 _aWomen
_zGreat Britain
_xSocial conditions
_y19th century.
650 0 _aMiddle class women
_zGreat Britain
_xHistory
_y19th century.
655 7 _aElectronic books.
_2local
710 2 _aebrary, Inc.
830 0 _aInternational library of historical studies ;
_v40.
856 4 0 _uhttp://site.ebrary.com/lib/rucke/Doc?id=10194046
_zAn electronic book accessible through the World Wide Web; click to view
999 _c221227
_d221227